000 01469nam a2200349 i 4500
001 000028508
003 DO-SdBNP
005 20260527084848.0
007 ta
008 110408s2018 dr 000 spa d
020 _a9789945910124
040 _aDO-SdBNP
_bspa
_cBNPHU
_erda
041 _aspa
082 4 _a972.93053
_bA185u
_222
100 1 _aAcosta Matos, Eliades,
_d1959-
_eautor
_4aut.
_974479
245 1 0 _aUn leviatán tropical :
_blas redes clientelares de Trujillo en América Latina y el Caribe /
_cEliades Acosta Matos.
264 4 _aSanto Domingo, República Dominicana :
_bArchivo General de la Nación,
_c©2018.
300 _a357 páginas ;
_c23 cm.
336 _atexto
_btxt
_2rdacontent
337 _asin mediación
_bn
_2rdamedia
338 _avolumen
_bnc
_2rdacarrier
490 1 _aArchivo General de la Nación
_v325
500 _aIncluye datos biográficos del autor en las solapas
500 _aIncluye referencias bibliográficas y notas al pie de las páginas e índice onomástico
590 _aInventariado, 2021/BT
600 1 0 _aTrujillo Molina, Rafael Leónidas,
_dd1891-1961.
_989727
651 _aRepública Dominicana
_xPolítica y goiberno
_y1891-1961.
_989728
651 _aRepública Dominicana
_xHistoria
_yEra de Trujillo, 1930-1961.
_978796
830 0 _aPublicaciones del Archivo General de la Nación (República Dominicana)
_n325
_980546
910 _aBtavárez/Validado. Control de calidad MFF
942 _2ddc
_cLBS1
999 _c28000
_d28000